The West Wing Characters Sudden Death - Statistics

General Stats
  • This quiz has been taken 87 times
  • The average score is 15 of 18
Answers on the Grid
Answers color-coded by a green-red scale on the quiz's grid according to % correct below.
Josh Lyman
Arnold Vinick
Jim Hacker
Danny Concannon
Jed Bartlet
George Murray
Kaja Kallas
Donna Moss
Hal Wyler
CJ Cregg
Zoey Bartlet
Bill Kelley
Abbey Bartlet
Sam Seaborn
John Major
Toby Ziegler
Jack Reese
Benjamin Disraeli
Charlie Young
Andrew Shepherd
Joey Lucas
Christabel Pankhurst
Tabatha Fortis
Matt Santos
Nicholas Brody
Andy Wyatt
Leo McGarry
Molly O'Connor
 
Answer Stats
Answer % Correct
Jed Bartlet
96%
Toby Ziegler
96%
Zoey Bartlet
96%
CJ Cregg
94%
Donna Moss
94%
Abbey Bartlet
93%
Leo McGarry
93%
Josh Lyman
91%
Charlie Young
90%
Sam Seaborn
90%
Joey Lucas
87%
Danny Concannon
84%
Matt Santos
84%
Arnold Vinick
71%
Jack Reese
62%
Andy Wyatt
54%
Molly O'Connor
49%
Tabatha Fortis
32%
No matching quizzes found
Score Distribution
Percent of People with Each Score
Percentile by Number Answered
Your Score History
You have not taken this quiz